Hermányi Dienes József irodalmi programja és felekezeti vonatkozású anekdotái [absztrakt] /

Elmentve itt :
Bibliográfiai részletek
Szerző: Béla Bálint
Testületi szerző: VI. Móra Interdiszciplináris Kárpát-medencei Szakkollégiumi Konferencia
További közreműködők: Hermányi Dienes József
Dokumentumtípus: Könyv része
Megjelent: 2022
Sorozat:Móra Kárpát-medencei Interdiszciplináris Szakkollégiumi Konferencia 6
Kulcsszavak:Magyar irodalom története - Erdély - 18. sz. - előadáskivonat, Műelemzés - magyar - előadáskivonat
Tárgyszavak:
Online Access:http://acta.bibl.u-szeged.hu/83362
LEADER 00995naa a2200217 i 4500
001 acta83362
005 20240125115338.0
008 240125s2022 hu o 100 hun d
040 |a SZTE Egyetemi Kiadványok Repozitórium  |b hun 
041 |a hun 
100 1 |a Béla Bálint 
245 1 0 |a Hermányi Dienes József irodalmi programja és felekezeti vonatkozású anekdotái   |h [elektronikus dokumentum] :  |b [absztrakt] /  |c  Béla Bálint 
260 |c 2022 
300 |a 46 
490 0 |a Móra Kárpát-medencei Interdiszciplináris Szakkollégiumi Konferencia  |v 6 
650 4 |a Bölcsészettudományok 
650 4 |a Nyelvek és irodalom 
695 |a Magyar irodalom története - Erdély - 18. sz. - előadáskivonat, Műelemzés - magyar - előadáskivonat 
700 0 2 |a Hermányi Dienes József 
711 |a VI. Móra Interdiszciplináris Kárpát-medencei Szakkollégiumi Konferencia  |c Szeged  |d 2022. november 4-6. 
856 4 0 |u http://acta.bibl.u-szeged.hu/83362/1/morakonf_2022_046.pdf  |z Dokumentum-elérés